000 00665nam a2200193Ia 4500
003 GCL
008 140319s9999 xx 000 0 ara d
040 _aGCL /
_cGCL
082 0 4 _a794.1
_bع ن
100 1 _aعبدالرحمن محفوظ محمد
245 1 0 _aنجوم الشطرنج: 3 ميخائيل تال اصغر من حمل بطولة العالم فى التاريخ /
_cعبدالرحمن محفوظ محمد
260 _a[S.N] :
_bمنشاة المعارف
300 _a134 ص
490 _a
650 0 4 _aالشطرنج
650 0 4 _aالرياضة الذهنية
650 0 4 _aالالعاب الرياضية الفردية
942 _2ddc
_cBK
999 _c33196
_d33196